<?xml version="1.0" encoding="UTF-8"?>
<collection xmlns="http://www.loc.gov/MARC21/slim">
  <record>
    <leader>00000nam  2200000   4500</leader>
    <controlfield tag="001">INLIS000000000012021</controlfield>
    <controlfield tag="005">20220321091142</controlfield>
    <datafield tag="035" ind1="#" ind2="#">
      <subfield code="a">0010-0322000250</subfield>
    </datafield>
    <datafield tag="245" ind1="1" ind2="#">
      <subfield code="a">Klinik Konsultasi Pengawasan Intern Pemerintahan Online (KAPITAL) Inspektorat Daerah Kabupaten Kutai Timur /</subfield>
      <subfield code="c">E.M Bennie Hermawan, SP, MSi</subfield>
    </datafield>
    <datafield tag="100" ind1="1" ind2="#">
      <subfield code="a">HERMAWAN, E.M Bennie</subfield>
    </datafield>
    <datafield tag="250" ind1="#" ind2="#">
      <subfield code="a">1</subfield>
    </datafield>
    <datafield tag="300" ind1="#" ind2="#">
      <subfield code="a">44 halaman ; lampiran :</subfield>
      <subfield code="b">ilustrasi ;</subfield>
      <subfield code="c">30 cm</subfield>
    </datafield>
    <datafield tag="260" ind1="#" ind2="#">
      <subfield code="a">Samarinda :</subfield>
      <subfield code="b">Puslatbang KDOD,</subfield>
      <subfield code="c">2021</subfield>
    </datafield>
    <datafield tag="084" ind1="#" ind2="#">
      <subfield code="a">PKA 052 2021</subfield>
    </datafield>
    <datafield tag="650" ind1="#" ind2="4">
      <subfield code="a">Proyek Perubahan</subfield>
    </datafield>
    <datafield tag="650" ind1="#" ind2="4">
      <subfield code="a">Administrator</subfield>
    </datafield>
    <datafield tag="650" ind1="#" ind2="4">
      <subfield code="a">teknologi informasi</subfield>
    </datafield>
    <datafield tag="650" ind1="#" ind2="4">
      <subfield code="a">sistem informasi</subfield>
    </datafield>
    <datafield tag="650" ind1="#" ind2="4">
      <subfield code="a">layanan informasi</subfield>
    </datafield>
    <datafield tag="650" ind1="#" ind2="4">
      <subfield code="a">konsultasi pemerintah</subfield>
    </datafield>
    <datafield tag="650" ind1="#" ind2="4">
      <subfield code="a">inovasi pemerintah</subfield>
    </datafield>
    <datafield tag="650" ind1="#" ind2="4">
      <subfield code="a">pandemi corona</subfield>
    </datafield>
    <datafield tag="520" ind1="#" ind2="#">
      <subfield code="a">Laporan proyek perubahan ini menjelaskan masalah belum optimalnya fungsi pembinaan dan pengawasan di Inspektorat Daerah Kabupaten Kutai Timur khususnya kegiatan konsultasi dimasa pandemi yang dilakukan secara tatap muka offline. Proyek perubahan Klinik Konsultasi Pengawasan Intern Pemerintahan Online (KAPITAL) adalah inovasi yang memanfaatkan teknologi informasi berbasis website dan android dengan fungsi menjembatani antara Inspektorat Daerah selaku Aparat Pengawasan Intern Pemerintah (APIP) dengan Organisasi Perangkat Daerah yang dibawahinya selama proses konsultasi sehingga tidak perlu lagi melakukan tatap muka di masa pandemi</subfield>
    </datafield>
    <datafield tag="500" ind1="#" ind2="#">
      <subfield code="a">Coach : Ika Retna Ningrum&#13;
Penguji : Windra Mariani&#13;
Mentor : Yasrin, SE</subfield>
    </datafield>
    <datafield tag="990" ind1="#" ind2="#">
      <subfield code="a">PKA/052/2021</subfield>
    </datafield>
  </record>
</collection>
